000 00333cam a22001097a 4500
008 180718b1971 xxu||||| |||| 00| 0 eng d
082 _aA75 M264I
100 _aShrivastava, P.N.
245 _aMadhya Pradesh district gazetteers: Indore
_cby P.N. Shrivastava
260 _aBhopal
_bDistrict Gazetteers Department
_c1971
300 _a831+p.
999 _c487056
_d487056